| 000 | 00676cam a2200193 i 4500 | ||
|---|---|---|---|
| 005 | 20251113122323.0 | ||
| 008 | 250721s2011 ua gr 000 0 ara d | ||
| 020 | _a9789774362404 | ||
| 082 | 1 | 4 |
_a203 _bس ع و |
| 100 | 1 |
_aأبو السعود، صلاح. _eمؤلف. |
|
| 245 | 1 | 0 |
_aخلق الكون بين إلحاد الأسطورة وتوحيد الدين السماوي / _cتأليف صلاح ابو السعود. |
| 250 | _aالطبعة الاولى. | ||
| 264 | 3 | 1 |
_aالجيزة : _c2011. _bمكتبة النافدة، |
| 300 | _a222 صفحة . | ||
| 650 | 1 | 7 | _aالديانات. |
| 650 | 1 | 7 | _aالإلحاد. |
| 942 |
_2ddc _cBK |
||
| 999 |
_c123444 _d123444 |
||